00381nam a2200157Ia 45000010006000000050017000060080041000230410008000640820016000721000038000882450044001262600009001703000028001796500008002076540008002152092520260306172841.0260306t2017||||xx |||||||||||||| ||spa|| aESP a343.8bV935 aVelazco Borda, Jorge Luis deeAUT 0aObligaciones tributarias electrónicas c2017 a238 páginas :c24 cm. aGEN aCCO